000 00807nam a22002177a 4500
003 LK-CoMWRAF
005 20231201121757.0
008 230922b2009 |||||||| |||| 00| 0 eng d
020 _a9789555148900
040 _aLK-CoMWRAF
_dLK-CoMWRAF
_eLK-CoMWRAF
041 _asin
082 _a297.335
_bMAN
100 _aමනතුංග, චේතිය
245 _aධර් ම ගවේශණ-1 :
_bබුදු දහම සමග ඉස්ලාම් දහම
246 _aDharma gaweeshana - 1 : Budu dahama samaga islaam dahama
260 _aනුගේගොඩ :
_bචේතිය මනතුංග,
_c2009
650 _aඅන්තර් ආගමික සම්බන්ධතා
650 _aබුද්ධ ධර් මය
650 _aඉස්ලාම් ආගම
942 _cBK
999 _c3618
_d3618